| 000 | 00555nam a2200193 a 4500 | ||
|---|---|---|---|
| 005 | 20220622063432.0 | ||
| 008 | 040813s20002004mx r 000 0 spa d | ||
| 020 | _a9681902009 | ||
| 035 | _aUPN01000134211 | ||
| 049 | _aCG | ||
| 050 | 4 |
_aPQ7797 C6 _bR3c |
|
| 100 | 1 |
_aCortázar, Julio, _d1914-1984 |
|
| 245 | 1 | 0 |
_aRayuela / _cJulio Cortázar. |
| 260 |
_aMéxico : _bAlfaguara, _c2000 (2004 impr.) |
||
| 300 | _a598 p. | ||
| 600 | 1 | 4 |
_aCORTAZAR, JULIO, _d1914-1984 - _xCRITICA E INTERPRETACION _98495 |
| 650 | 0 |
_aNovela argentina _95078 |
|
| 905 | _aLibro | ||
| 999 |
_c106362 _d106362 |
||